Maine A-Z - Statistics

General Stats
  • This quiz has been taken 43 times
    3 since last reset
  • The average score is 16 of 24
Answer Stats
Clue Answer % Correct
L Poet of "The Song of Hiawatha" who attended Bowdoin College Henry Wadsworth Longfellow
100%
I 1986 Stephen King novel that takes place in Derry It
100%
N Maine is the largest state by area of this region that includes 6 states New England
100%
J River shared with New Brunswick Saint {John}
100%
A National park situated on Mount Desert Island Acadia
67%
B Tourist town that serves as the main gateway to the above Bar Harbor
67%
E Town with Portland Head Lighthouse Cape {Elizabeth}
67%
C Portland has a coast on this bay {Casco} Bay
67%
F Town with the headquarters of the clothing retail company L.L. Bean Freeport
67%
H Abraham Lincoln's vice president from 1861–1865 Hannibal Hamlin
67%
K Mountain peak where the northern terminus of the Appalachian Trail is located Mount {Katahdin}
67%
M Soft beverage invented by a resident of Union, Maine Moxie
67%
O Town home to the University of Maine Orono
67%
P River that flows through Bangor Penobscot River
67%
Q Easternmost point of the contiguous U.S. {Quoddy} Head
67%
R Coastal city that hosts a famous lobster festival Rockland
67%
S African immigrant group that settled in Lewiston in the early 2000s Somali
67%
W Summer retreat of the Bush family, located in Kennebunkport {Walker}'s Point
67%
Y Southernmost county York
67%
D State motto of Maine Dirigo
33%
G Hog Island fort that was built during the Civil War, but was never used for any battles Fort {Gorges}
33%
T Strong, Maine once produced the vast majority of these tiny wooden objects in the U.S. Toothpicks
33%
U Over half of Maine is considered __________ Territory, one of the highest proportions in the United States Unorganized
33%
V Mansion in Portland also known as the Morse-Libby {Victoria} Mansion
33%
No matching quizzes found
Score Distribution
Percent of People with Each Score
Percentile by Number Answered
Your Score History
You have not taken this quiz since the last reset